Sports Quiz

Random Sports or WWE Quiz

WWE Title Winners (2000-2009) Quiz Stats

Quiz not verified by Sporcle

Challenge
Share
Tweet
Embed
Score 0/146 Timer 20:00
0 Plays Today
# of Title Reigns Wrestler % Correct
16HHH
98.1%
27Edge
97%
12John Cena
95.9%
8Randy Orton
94.1%
17Jeff Hardy
92.6%
11Matt Hardy
91.8%
9Kane
91.8%
8Undertaker
91.1%
16Christian
89.6%
11Kurt Angle
88.8%
7The Rock
88.8%
20Chris Jericho
88.8%
3Shawn Michaels
88.8%
8Big Show
88.1%
9Batista
87.7%
12Chris Benoit
87.4%
10Eddie Guerrero
85.9%
7Chavo Guerrero
85.9%
3Stone Cold Steve Austin
84.8%
10Spike Dudley
84.4%
23Crash Holly
84.4%
17Bubba Ray Dudley
84%
2Molly Holly
84%
10Rey Mysterio
83.3%
5Hardcore Holly
83.3%
9Devon Dudley
81.8%
20JBL
81%
3Brock Lesnar
79.9%
4Ric Flair
79.9%
8Trish Stratus
79.2%
15RVD
78.8%
11Booker T
78.1%
1Shane McMahon
76.2%
1Vince McMahon
76.2%
1Stephanie McMahon
75.1%
3The Miz
74%
24Raven
73.6%
4Billy Gunn
73.2%
9John Morrison
71.7%
13William Regal
71%
4Lita
69.9%
1Mark Henry
69.1%
3X-PAC
68.8%
3Kofi Kingston
68%
14Tommy Dreamer
68%
5Test
67.7%
1Goldberg
66.9%
3Mickie James
66.5%
6Shelton Benjamin
66.2%
# of Title Reigns Wrestler % Correct
2Hulk Hogan
65.8%
3Bobby Lashley
64.7%
3Rikishi
62.8%
3Cody Rhodes
62.5%
1Faarooq
62.5%
6Gregory Helms
62.5%
1Great Khali
61.7%
2Umaga
61.7%
2Chyna
61.7%
1Albert
60.2%
1Jack Swagger
59.5%
3Carlito
58.7%
6CM Punk
58.4%
8Goldust
57.6%
1Beth Phoenix
57.6%
7Tajiri
57.2%
3Charlie Haas
56.9%
2Dean Malenko
56.9%
2Santino Marella
56.5%
3Perry Saturn
56.5%
2Michelle McCool
56.5%
5Billy Kidman
56.1%
1Sheamus
55.8%
2Ted DiBiase
55.8%
2Diamond Dallas Page
55%
4Rhyno
55%
5Lance Storm
54.3%
4Al Snow
54.3%
3Melina
54.3%
3MVP
53.2%
2Tazz
52.8%
1Finlay
52.4%
1Goodfather
50.6%
1Mr. Kennedy
49.8%
2Victoria
49.8%
18Steven Richards
48.3%
3Joey Mercury
48%
3Maven
47.2%
4Paul London
47.2%
2Brian Kendrick
47.2%
2Jazz
47.2%
1Jamie Noble
46.5%
1Ivory
46.1%
5Steve Blackman
44.6%
1Funaki
43.1%
2K-Kwik
42.8%
2Jacqueline
42.4%
1British Bulldog
42%
2Rene Dupree
41.3%
# of Title Reigns Wrestler % Correct
1Hornswoggle
40.9%
3Lance Cade
40.5%
3Trevor Murdoch
40.1%
2Juventud
39.8%
2Chuck Palumbo
39.4%
1Primo
38.3%
1Rosey
38.3%
2Chris Kanyon
37.9%
1Gail Kim
37.9%
2Danny Basham
37.5%
2Doug Basham
37.5%
1Rowdy Roddy Piper
37.5%
1Maryse
36.4%
1Zack Ryder
36.1%
1Kenny
36.1%
2Rico
35.7%
1Drew McIntyre
35.3%
3Scotty 2 Hotty
34.9%
1Animal
34.6%
4Sylvain Grenier
33.1%
1Orlando Jordan
33.1%
3Rob Conway
32.3%
1Mikey
32%
1Bull Buchanan
31.2%
1Candice Michelle
31.2%
1Pete Gas
30.9%
1Domino
29%
1Curt Hawkins
28.6%
1Deuce
28.3%
1Grandmaster Sexay
28.3%
1Eugene
28.3%
13Shawn Stasiak
26.8%
7Justin Credible
26.4%
1Mike Awesome
25.7%
2Nunzio
24.5%
1Essa Rios
23.8%
1Kenzo Suzuki
22.3%
1Heidenreich
21.6%
1Jerry Lynn
21.2%
1Pat Patterson
21.2%
1Terri Runnels
20.8%
2Gerald Brisco
19.3%
2Val Venis
16.4%
1Kid Kash
14.9%
1Jillian
14.9%
1Hervina
12.3%
2Christopher Nowinski
11.9%
2Johnny Stamboli
11.9%

You're not logged in!

Compare scores with friends on all Sporcle quizzes.
Sign Up with Email
OR
Log In

You Might Also Like...

Show Comments

Extras

Top Quizzes Today


Score Distribution

Your Account Isn't Verified!

In order to create a playlist on Sporcle, you need to verify the email address you used during registration. Go to your Sporcle Settings to finish the process.